000 02454cam a22005057a 4500
001 18543997
003 BJBSDDR
005 20260428185117.0
006 a|||||r|||| 00| 0
007 ta
008 150327s2015 nyuaf rb 001 0 eng d
010 _a 2015937254
020 _a9780465062676
_q(hardcover)
020 _a0465062679
_q(hardcover)
020 _z9780465062669
_q(e-book)
035 _a18543997
035 _a(OCoLC)911940015
040 _aJAI
_beng
_cJAI
_dBKL
_dABG
_dYDXCP
_dBDX
_dBTCTA
_dKTP
_dCDX
_dCGP
_dVP@
_dUMS
_dDLC
041 _aeng
042 _alccopycat
050 0 0 _aQH447
_b.C653l 2015
082 0 4 _a572.8/633
_223
100 1 _aCobb, Matthew,
_d1957-
_926427
245 1 0 _aLife's greatest secret :
_bthe race to crack the genetic code /
_cMatthew Cobb.
264 1 _aNew York :
_bBasic Books,
_c2015.
300 _axiv, 434 pages :
_billustrations ;
_c24 cm.
336 _atext
_btxt
_2rdacontent
337 _aunmediated
_bn
_2rdamedia
338 _avolume
_bnc
_2rdacarrier
500 _a"First published in Great Britain in 2015 by Profile Books Ltd"--Title-page verso.
504 _aIncludes bibliographical references (pages [323]-404) and index.
505 _aContenidos: Genes before DNA Information is everywhere The transformation of genes A slow revolution The age of control The double helix Genetic information The central dogma Enzyme cybernetics Enter the outsiders The race Update Surprises and sequences The central dogma revisited Brave new world Origins and meanings
520 _a"'Life s Greatest Secret' is the story of the discovery and cracking of the genetic code, the thing that ultimately enables a spiraling molecule to give rise to the life that exists all around us"--
_cProvided by publisher.
650 0 _aGenetic code.
650 0 _aDNA.
856 4 2 _3Contributor biographical information
_uhttp://www.loc.gov/catdir/enhancements/fy1603/2015937254-b.html
856 4 2 _3Publisher description
_uhttp://www.loc.gov/catdir/enhancements/fy1603/2015937254-d.html
856 4 1 _3Table of contents only
_uhttp://www.loc.gov/catdir/enhancements/fy1603/2015937254-t.html
906 _a7
_bcbc
_ccopycat
_d2
_encip
_f20
_gy-gencatlg
942 _2lcc
_n0
_cBK
946 _illh
999 _c126947
_d126947